Normal view
MARC view
Entry Personal Name
001 - CONTROL NUMBER
- control field: 1239392
003 - CONTROL NUMBER IDENTIFIER
- control field: OSt
005 - DATE AND TIME OF LATEST TRANSACTION
- control field: 20260514122514.0
008 - FIXED-LENGTH DATA ELEMENTS
- fixed length control field: 260514|| aca||aabn | a|a d
040 ## - CATALOGING SOURCE
- Original cataloging agency: OSt
- Transcribing agency: OSt
100 ## - HEADING--PERSONAL NAME
- Personal name: Goyal Dr.Roopali
670 ## - SOURCE DATA FOUND
- Source citation: Work cat.: (OSt)1851444: Goyal Dr.Roopali , Study of Biochemical and Hematological Response of VIT B12 Supplementation in Pregnant Anaemic Women Wonen with VIT B12 Defiviency.
